[Event "Denker Memorial 26th"]
[Site "Chess.com INT"]
[Date "2020.07.26"]
[Round "4"]
[White "Hudson, Quinn"]
[Black "Zeng, Sheena"]
[Result "1/2-1/2"]
[WhiteElo "1782"]
[BlackElo "2065"]
[PlyCount "75"]
[EventDate "2020.07.25"]
[EventType "swiss"]
[EventRounds "6"]
[EventCountry "USA"]
[SourceTitle "EXT 2021"]
[Source "ChessBase"]
[SourceDate "2020.10.23"]
[SourceVersion "1"]
[SourceVersionDate "2020.10.23"]
[SourceQuality "1"]

1. Nf3 Nf6 2. c4 c6 3. Nc3 d5 4. e3 a6 5. b3 Bg4 6. Be2 e6 7. h3 Bh5 8. 0-0 Bd6 9. Bb2 Nbd7 10. cxd5 exd5 11. Nd4 Bxe2 12. Ncxe2 0-0 13. f4 Re8 14. Nf5 Bf8 15. Qe1 g6 16. Nfg3 Bg7 17. Nd4 Nc5 18. Qe2 Nce4 19. Nxe4 Nxe4 20. Rfb1 Nd6 21. Nf3 Bxb2 22. Rxb2 c5 23. Rc1 b6 24. d4 Nf5 25. dxc5 bxc5 26. Rxc5 Qb6 27. b4 Rxe3 28. Qf2 Rae8 29. Rxd5 Qb7 30. Re5 R8xe5 31. Nxe5 Qe4 32. Nd7 Kg7 33. Kh2 h5 34. Nc5 Qe7 35. Rd2 h4 36. Rd7 Re2 37. Qf3 Qe3 38. Rd3 1/2-1/2

[Event "Denker Memorial 26th"]
[Site "Chess.com INT"]
[Date "2020.07.25"]
[Round "2"]
[White "Hudson, Quinn"]
[Black "Wu, Logan"]
[Result "1/2-1/2"]
[WhiteElo "1782"]
[BlackElo "2146"]
[PlyCount "143"]
[EventDate "2020.07.25"]
[EventType "swiss"]
[EventRounds "6"]
[EventCountry "USA"]
[SourceTitle "EXT 2021"]
[Source "ChessBase"]
[SourceDate "2020.10.23"]
[SourceVersion "1"]
[SourceVersionDate "2020.10.23"]
[SourceQuality "1"]

1. Nf3 Nf6 2. c4 e6 3. Nc3 d5 4. e3 Be7 5. b3 0-0 6. Bb2 b6 7. cxd5 exd5 8. d4 Bb7 9. Be2 Nbd7 10. 0-0 Rc8 11. Rc1 c5 12. Bd3 Ne4 13. dxc5 bxc5 14. Nd2 Nxd2 15. Qxd2 Nf6 16. Bf5 Rc7 17. Nb5 Rc6 18. Nxa7 Ra6 19. Nb5 Rxa2 20. Bb1 Ne4 21. Qc2 Ra5 22. Nc3 f5 23. Rfd1 Ra6 24. f3 Ng5 25. Qd3 Rg6 26. Kf2 Nh3+ 27. Kf1 Ba6 28. Nb5 Rb6 29. Qxd5+ Qxd5 30. Rxd5 Bxb5+ 31. Ke1 Ng5 32. Bxf5 Bc6 33. Re5 Bf6 34. Bd3 Bxe5 35. Bxe5 Bxf3 36. Bf4 Bxg2 37. Bxg5 Kh8 38. Bc4 h6 39. Be7 Rc8 40. Kf2 Be4 41. Kg3 Rg6+ 42. Kf4 Bb7 43. h4 Rg2 44. Rd1 Rf2+ 45. Ke5 Rf3 46. Rd3 Re8 47. Kd6 Be4 48. Rc3 Rf2 49. Kd7 Ra8 50. Bxc5 Rf6 51. Bd3 Bc6+ 52. Kc7 Bf3 53. b4 Rc6+ 54. Kd7 Rac8 55. Bf5 R8c7+ 56. Kd8 Rb7 57. e4 Bd1 58. e5 Ra6 59. Bd6 Ra8+ 60. Rc8 Raa7 61. e6 Ba4 62. Bc7 g6 63. Bxg6 Kg7 64. h5 Rxb4 65. Be5+ Kg8 66. Rc7 Rb8+ 67. Ke7 Rba8 68. Kf6 Rxc7 69. Bxc7 Bb3 70. Bf7+ Kh7 71. Bf4 Ra6 72. Bg6+ 1/2-1/2

[Event "Denker Memorial 26th"]
[Site "Chess.com INT"]
[Date "2020.07.25"]
[Round "3"]
[White "Turgut, Aydin"]
[Black "Hudson, Quinn"]
[Result "1-0"]
[WhiteElo "2269"]
[BlackElo "1782"]
[PlyCount "58"]
[EventDate "2020.07.25"]
[EventType "swiss"]
[EventRounds "6"]
[EventCountry "USA"]
[SourceTitle "EXT 2021"]
[Source "ChessBase"]
[SourceDate "2020.10.23"]
[SourceVersion "1"]
[SourceVersionDate "2020.10.23"]
[SourceQuality "1"]

1. e4 d5 2. exd5 Qxd5 3. Nc3 Qa5 4. d4 Nf6 5. Nf3 c6 6. Bd3 Bg4 7. h3 Bh5 8. g4 Bg6 9. Ne5 Nbd7 10. Nxg6 hxg6 11. Bd2 Qc7 12. Qf3 e6 13. 0-0-0 Nb6 14. a3 Bd6 15. Kb1 0-0-0 16. g5 Nfd5 17. Ne4 Na4 18. Ka2 b5 19. b3 Nab6 20. c4 bxc4 21. bxc4 Bf8 22. cxd5 Rxd5 23. Ba6+ Kd8 24. Bf4 Qe7 25. Nc5 f6 26. gxf6 gxf6 27. Qg4 e5 28. Ne6+ Kd7 29. Nxf8+ Kc7 1-0